| 000 | 01892cam a22005054i 4500 | ||
|---|---|---|---|
| 003 | PE-LiUPU | ||
| 005 | 20250731165550.0 | ||
| 008 | 150625s r 000 0 d | ||
| 035 | _a(Sirsi) a34413 | ||
| 035 | _a(Sirsi) a34413 | ||
| 040 |
_aPE-LiUPU _bspa _cPE-LiUPU _erda |
||
| 082 | 0 | 4 |
_a985.04 _bD _223 |
| 100 | 1 |
_aOrtíz de Zevallos, Carlos, _eautor. |
|
| 245 | 1 | 0 |
_aMisiones Peruanas: 1820-1826 : _nVolumen 1. _bLas primeras misiones diplomáticas en América / _crecopilación y prólogo de Carlos Ortíz de Zevallos. |
| 264 | 1 |
_aLima : _bComisión Nacional del Sesquicentenario de la Independencia del Perú, _c1975. |
|
| 300 |
_a619 páginas ; _c25 centímetros. |
||
| 336 |
_atext _2rdacontent |
||
| 337 |
_aunmediated _2rdamedia |
||
| 338 |
_avolume _2rdacarrier |
||
| 490 | 0 |
_aColección Documental de la Independencia del Perú ; _v11 |
|
| 500 | _a"Año de la mujer peruana" | ||
| 505 | _aArgentina -- Bolivia -- Brasil -- Colombia -- Legación del Perú en Chile -- Legación en México -- Informes desde Argentina -- Desde Brasil. | ||
| 526 | _aSEG44 | ||
| 526 | _aSEG26 | ||
| 526 | _aP151 | ||
| 526 | _aP150 | ||
| 526 | _aP149 | ||
| 526 | _aP146 | ||
| 526 | _aP145 | ||
| 526 | _aP126 | ||
| 526 | _aP125 | ||
| 526 | _aP92 | ||
| 526 | _aP75 | ||
| 526 | _aP74 | ||
| 526 | _aP27 | ||
| 526 | _aP15 | ||
| 651 |
_aPerú _xHistoria _yEmancipación, 1808-1824 _vFuentes |
||
| 651 |
_aPerú _xHistoria _yRepública, 1825- _vFuentes |
||
| 651 |
_aPerú _xRelaciones exteriores. |
||
| 700 | 1 |
_aOrtíz de Zevallos, Carlos, _d1908- , _ecompilador. |
|
| 942 |
_2ddc _cBK |
||
| 949 |
_aRC 985.04 D 11 / 1 _wDEWEY _c1 _i17011 _lRC _mBUL _r0 _sY _tBOOK _u2015-6-25 _xBIBLIOTECA _zUNKNOWN _0COMPRA _o.CIRCNOTE. No olvidar cambiar la fecha de devolución!!!!!!! _o.STAFF. Colección General |
||
| 999 |
_c42267 _d42267 |
||
| 980 |
_81 _gALBERTO SANCHEZ Responsable de Automatización |
||